Normal view
MARC view
- JUN, SOOJIN
Entry Personal Name
001 - CONTROL NUMBER
- control field: 2942
003 - CONTROL NUMBER IDENTIFIER
- control field: OSt
005 - DATE AND TIME OF LATEST TRANSACTION
- control field: 20180302103842.0
008 - FIXED-LENGTH DATA ELEMENTS
- fixed length control field: 180302|| aca||aabn | a|a d
040 ## - CATALOGING SOURCE
- Original cataloging agency: OSt
- Transcribing agency: OSt
100 ## - HEADING--PERSONAL NAME
- Personal name: JUN, SOOJIN
670 ## - SOURCE DATA FOUND
- Source citation: Work cat.: (OSt): JUN, SOOJIN, Food processing operations modeling : Design and analysis, 2017
